| 000 | nam a22 7a 4500 | ||
|---|---|---|---|
| 999 |
_c1669 _d1669 |
||
| 005 | 20170511121954.0 | ||
| 008 | 170511b2001 - ||||| |||| 00| 0 eng d | ||
| 020 | _a0072903333 | ||
| 040 | _aAKMAL | ||
| 082 | _a332.63042 PEN | ||
| 090 |
_a332.63042 _bPEN |
||
| 100 | 1 |
_aPenman, Stephen H _93424 |
|
| 245 | 1 | 0 |
_aFinancial statement analysis and security valuation / _cStephen H. Penman |
| 260 |
_aBoston, Mass. : _bMcGraw-Hill/Irwin, _c 2001 |
||
| 300 |
_ap. cm _ccm |
||
| 500 | _aIncludes index. | ||
| 650 | 0 |
_aFinancial statements _93425 |
|
| 942 |
_2ddc _cBOOK |
||